000 00696nam a2200193 a 4500
008 210224s2017 xx |||||||||||||| || u
020 _a9781308802787
050 _aQP 36 Cle
110 _aCleveland State University
245 1 0 _aHuman biology (14th edition)
250 _a14th edition
260 _a
_bMcGraw-Hill Education
_c2017
300 _aiv, 550 pages : illustrations
500 _aSpecial edition for Cleveland State University. BIO 102
650 0 _aHUMAN ANATOMY
650 0 _aHUMAN PHYSIOLOGY
650 0 _aHUMAN BIOLOGY
995 _FCBU-MAIN LIBRARY (Kitwe)
_M1
_UAVAILABLE
_WMar 5, 2021
_ZMain Library Open Access Collection
999 _c45879
_d45879